| 000 | 00373nam a2200133Ia 4500 | ||
|---|---|---|---|
| 008 | 231129s1996||||xx |||||||||||||| ||spa|| | ||
| 040 | _bspa | ||
| 082 | _a920.71 H493g | ||
| 100 | _aGrisales Echeverri Juan Ramon | ||
| 245 | 0 | _aAquellos tiempos del general Henao : semibiografia del general Estanislao Henao Uribe | |
| 260 | _c1996 | ||
| 264 | _a[s.l.] | ||
| 942 |
_2ddc _cBKS |
||
| 999 |
_c5524 _d5524 |
||